| 000 | 00496 a2200181 4500 | ||
|---|---|---|---|
| 003 | NUST | ||
| 038 | _aWaseem | ||
| 040 |
_aDLC _bDLC |
||
| 082 |
_a297 _bASA |
||
| 100 |
_aMuhammad Asad _9322 |
||
| 245 |
_aThis Law of Ours and other Essays _cMuhammad Asad |
||
| 260 |
_aGibraltar: _bDar Al-Andalus, _c1993. |
||
| 300 |
_axi, 195 p. ; _c24 cm. |
||
| 500 | _aIncludes Index | ||
| 563 | _aHBK. | ||
| 650 |
_a 1.Law--Canada--Juvenile literature.2.Law--Canada. _983345 |
||
| 942 |
_cBK _k340.0971 ASA _2ddc |
||
| 999 |
_c7276 _d7276 |
||